LIBRARY & INFORMATION CENTRE, KCAET, TAVANUR

ONLINE PUBLIC ACCESS CATALOGUE (OPAC)

Pre-university Botany / (Record no. 2187)

MARC details
000 -LEADER
fixed length control field 00476cam a2200205ua 4500
041 ## - LANGUAGE CODE
Language code of text/sound track or separate title eng
082 ## - DEWEY DECIMAL CLASSIFICATION NUMBER
Classification number 581
Item number RAG/PR
100 ## - MAIN ENTRY--AUTHOR NAME
Personal name Raghu Rama Rao, M .
245 ## - TITLE STATEMENT
Title Pre-university Botany /
250 ## - EDITION STATEMENT
Edition statement 1 /
260 ## - PUBLICATION, DISTRIBUTION, ETC. (IMPRINT)
Place of publication :
Name of publisher Viswanathan ,
Year of publication 1957.
300 ## - PHYSICAL DESCRIPTION
Number of Pages 206 ; .
700 1# - ADDED ENTRY--PERSONAL NAME
Personal name Rao, K.N .
942 ## - ADDED ENTRY ELEMENTS (KOHA)
Koha item type Books
Holdings
Withdrawn status Lost status Damaged status Home library Current library Date acquired Cost, normal purchase price Full call number Accession Number Koha item type
Withdrawn     KAUAET KAUAET 07/04/2012 3.00 581 RAG/PR 7373 Books
    Damaged KAUAET KAUAET 07/04/2012 3.00 581 RAG/PR 7383 Books
free website counter